000 00771nam a2200253Ia 4500
003 OSt
005 20220923222728.0
006 a|||||r|||| 00| 0
007 ta
008 220922b |||||||| |||| 00| 0 hin d
024 _a207,265
037 _cTextual
040 _aARTS
_cARTS
_bhin
041 _2hin
_ahin
082 _aO152,3N40,PU, N4
100 _aकोहली, नरेन्द्र
245 0 _aपुनरारम्भ
246 _aPunarārambha
260 _aनई दिल्ली
_b वाणी प्रका0
_c1994
300 _a214पृ.
_ccm.
650 _aहिन्दी कहानी
942 _hO152,3N40,PU, N4
_cTEXL
_2CC
999 _c357882
_d357882